Index to the Reports of the commissioner of education: (Record no. 18849)

MARC details
000 -LEADER
fixed length control field 00805cam a22002171 4500
001 - CONTROL NUMBER
control field e 09001251
003 - CONTROL NUMBER IDENTIFIER
control field DLC
005 - DATE AND TIME OF LATEST TRANSACTION
control field 20260227111151.0
008 - FIXED-LENGTH DATA ELEMENTS--GENERAL INFORMATION
fixed length control field 800225s1909 dcu i f000 0 engdc
010 ## - LIBRARY OF CONGRESS CONTROL NUMBER
LC control number e 09001251
035 ## - SYSTEM CONTROL NUMBER
System control number (OCoLC)6019135
040 ## - CATALOGING SOURCE
Original cataloging agency U.S. Off. of Educ. Library
Transcribing agency NbU
Modifying agency DLC
042 ## - AUTHENTICATION CODE
Authentication code premarc
050 00 - LIBRARY OF CONGRESS CALL NUMBER
Classification number L111
Item number .A6 1909, no. 7
110 1# - MAIN ENTRY--CORPORATE NAME
Corporate name or jurisdiction name as entry element United States.
Subordinate unit Office of Education.
245 10 - TITLE STATEMENT
Title Index to the Reports of the commissioner of education:
Remainder of title 1867-1907.
260 ## - PUBLICATION, DISTRIBUTION, ETC.
Place of publication, distribution, etc. Washington,
Name of publisher, distributor, etc. Govt. Print. Off.,
Date of publication, distribution, etc. 1909.
300 ## - PHYSICAL DESCRIPTION
Extent 103 p.
Dimensions 24 cm.
490 0# - SERIES STATEMENT
Series statement Bulletin, 1909:
Volume/sequential designation no. 7
501 ## - WITH NOTE
With note With: Instruction in the fine and manual arts in the United States / Henry Turner Bailey. Washington : Govt. Print. Off., 1909. Bound together subsequent to publication.
Institution to which field applies DLC

No items available.

Powered by Koha